Variabilidad de la guadua (guadua angustifolia kunth) en la cuenca Cauca, departamento del Cauca / (Registro nro. 4955)

Detalles MARC
000 -CABECERA
Campo de control 01130cam a2200253 a 4500
005 - FECHA Y HORA DE LA ULTIMA TRANSACCION
Campo de control 20160302182529.0
008 - ELEMENTOS DE LONGITUD FIJA—INFORMACION GENERAL
Campo de control 041021s2005 ck a gr 00010dspa d
020 ## - ISBN
ISBN 9583367621
040 ## - FUENTE DE CATALOGACIÓN
Agencia catalogadora original CO-BoBLA
Agencia transcriptora CO-BoBLA
Agencia Modificadora CO-BoIAVH
041 0# - IDIOMA
Código de idioma para texto/pista de sonido o título separado Español
044 ## - PAÍS DE PUBLICACIÓN
País de publicación Colombia
082 04 - NUMERO DE CLASIFICACION DECIMAL DEWEY
Número de clasificación 633.58
Número del ítem V17v
245 10 - MENCION DE TITULO
Título Variabilidad de la guadua (guadua angustifolia kunth) en la cuenca Cauca, departamento del Cauca /
Mención de responsabilidad compilador Leyder Javier Ruíz Ruíz ; fotografías Carmen Tulia Potosí.
260 ## - PUBLICACION, DISTRIBUCION, ETC. (PIE DE IMPRENTA)
Lugar de publicación, distribución, etc. Popayán :
Nombre del editor, distribuidor, etc. Universidad Nacional de Colombia :
-- Corporación Autónoma Regional del Cauca, CRC ; Palmira ,
Fecha de publicación, distribución, etc. 2005.
300 ## - DESCRIPCION FISICA
Extensión 47 páginas :
Otros detalles físicos Ilustraciones ;
Dimensiones 24 x 17 cm.
504 ## - NOTA DE BIBLIOGRAFIA, ETC.
Nota de bibliografía Incluye referencias bibliográficas: página 47.
650 16 - ASIENTO SECUNDARIO DE MATERIA - TERMINO TEMATICO
Término temático o nombre geográfico como elemento de entrada Guadua
Subdivisión general Cultivo
Subdivisión geográfica Cauca (Colombia)
9 (RLIN) 63344
650 26 - ASIENTO SECUNDARIO DE MATERIA - TERMINO TEMATICO
Término temático o nombre geográfico como elemento de entrada Guadua
Subdivisión general Variedades
Subdivisión geográfica Cauca (Colombia)
9 (RLIN) 63345
650 26 - ASIENTO SECUNDARIO DE MATERIA - TERMINO TEMATICO
Término temático o nombre geográfico como elemento de entrada Guadua
Subdivisión general Usos
Subdivisión geográfica Cauca (Colombia)
9 (RLIN) 63346
700 1# - ASIENTO SECUNDARIO - NOMBRE PERSONAL
Nombre personal Potosí Guampe, Carmen Tulia.,
Término de relación Fotografías
9 (RLIN) 63347
700 1# - ASIENTO SECUNDARIO - NOMBRE PERSONAL
Nombre personal Ruíz Ruíz, Leyder Javier.
Término de relación Investigador
9 (RLIN) 6824
700 1# - ASIENTO SECUNDARIO - NOMBRE PERSONAL
Nombre personal Vallejo Cabrera,Franco Alirio
Término de relación Investigador
9 (RLIN) 41597
942 ## - ELEMENTOS ADICIONALES (KOHA)
Sistema de clasificación Dewey Decimal Classification
Tipo de ítem Libro
Existencias
Withdrawn status Lost status Sistema de Clasificación Damaged status No para préstamo Colección Inventariado Ubicación Permanente Ubicación actual Fecha de adquisición Fuente de Valor Valor Total Checkouts Número topográfico Inventario / Código de Barras Date last seen Ejemplar Price effective from Forma de adquisición Tipo de material Public note
    Dewey Decimal Classification     General Inventariado 2017 Bogotá Bogotá 22/11/2007       LB-633.58 V17v 025500 04/12/2012 Ej. 1 04/12/2012   Libro  
    Dewey Decimal Classification     General Inventariado 2017 Sala Fabio Quevedo Sala Fabio Quevedo 09/12/2005 Editorial Unal 17000.00   LB-633.58 V17v 022565 04/12/2012 Ej. 2 04/12/2012 Donación Libro Disponible en fotocopia, solo para consulta en sala.